Clinical Blood Transfusion (Record no. 1180377)

MARC details
000 -LEADER
fixed length control field 00302nam a2200133Ia 4500
008 - FIXED-LENGTH DATA ELEMENTS--GENERAL INFORMATION
fixed length control field 240801s1985 xx 000 0 und d
041 ## - LANGUAGE CODE
Language code of text/sound track or separate title mar
082 ## - DEWEY DECIMAL CLASSIFICATION NUMBER
Classification number KOY
100 ## - MAIN ENTRY--PERSONAL NAME
Personal name L.A.Koy
245 ## - TITLE STATEMENT
Title Clinical Blood Transfusion
260 ## - PUBLICATION, DISTRIBUTION, ETC.
Name of publisher, distributor, etc. Pitman Med Pub.
Date of publication, distribution, etc. 1985
300 ## - PHYSICAL DESCRIPTION
Extent 238p
500 ## - GENERAL NOTE
General note Donated
Holdings
Withdrawn status Lost status Damaged status Not for loan Home library Current library Date acquired Total Checkouts Full call number Barcode Date last seen Price effective from Koha item type
        Dental College & Hospital, Pune Dental College & Hospital, Pune 05/08/2024   KOY DCP-D996 05/08/2024 05/08/2024 Book